| 000 | 00378cam a2200157ua 4500 | ||
|---|---|---|---|
| 003 | OSt | ||
| 008 | 241030b |||||||| |||| 00| 0 eng d | ||
| 041 | _aeng | ||
| 082 |
_a621.47 _bMUR/EN |
||
| 100 |
_aMurphy , W.R; . _96333 |
||
| 245 | _aEnergy management / | ||
| 260 |
_a : _bButterworth Weinmann , _c2007. |
||
| 300 | _a ; . | ||
| 700 | 1 |
_aKay, G.M . _96334 |
|
| 942 | _cBK | ||
| 999 |
_c12942 _d12942 |
||